000 00327 a2200157 4500
001 188747
020 _a0-19-423043-0
040 _cMagnum
100 _aEscott, John
240 1 0 _aThe scarlet letter
_lpor
245 1 0 _aThe scarlet letter
300 _a88
362 0 _a2004
697 _aLITERATURA INGLESA
942 _cBK
999 _c188747
_d188747